logo

Bir Sreshtho Munshi Abdur Rouf Library
Jhenaidah Cadet College

রূপমের পতাকা অভিযান / (Record no. 13555)

MARC details
000 -LEADER
fixed length control field 00698nam a2200229 a 4500
001 - CONTROL NUMBER
JCCL Control Number 13555
003 - CONTROL NUMBER IDENTIFIER
JCCL marc code BD-JhCC
005 - DATE AND TIME OF LATEST TRANSACTION
control field 20240201121934.0
008 - FIXED-LENGTH DATA ELEMENTS--GENERAL INFORMATION
fixed length control field 201014s2023 bg a|||| ||a| 000 0 b d
020 ## - INTERNATIONAL STANDARD BOOK NUMBER
International Standard Book Number 9789847769936
035 ## - SYSTEM CONTROL NUMBER
system control number (BD-JhCC)13555
040 ## - CATALOGING SOURCE
Original cataloging agency BD-JhCC
Modifying agency BD-JhCC
041 ## - LANGUAGE CODE
Language code of Book Bengali
082 ## - DEWEY DECIMAL CLASSIFICATION NUMBER
Classification number 709.00
Author mark and Year MUK 2023
100 ## - MAIN ENTRY--PERSONAL NAME
Personal name মুখোপাধ্যায়,শুদ্ধ
245 ## - TITLE STATEMENT
Title রূপমের পতাকা অভিযান /
Statement of responsibility, etc শুদ্ধ মুখোপাধ্যায় ।
260 ## - PUBLICATION, DISTRIBUTION, ETC. (IMPRINT)
Place of publication, distribution, etc ঢাকা:
Name of publisher, distributor, etc ঐহিত্য;
Date of publication, distribution, etc 2023.
300 ## - PHYSICAL DESCRIPTION
Pagination 26 p. :
Other physical details ill;
Dimensions 17 cm.
650 ## - SUBJECT ADDED ENTRY--TOPICAL TERM
Topical term or geographic name as entry element Arts and Crafts
942 ## - ADDED ENTRY ELEMENTS (KOHA)
Source of classification or shelving scheme Dewey Decimal Classification
Koha item type Books
Holdings
Source of classification or shelving scheme Damaged status Not for loan Home library Current library Shelving location Date of accession Cost, normal purchase price Total Checkouts Full call number Barcode Date last seen Copy number Method of acquisition Koha item type Currency
Dewey Decimal Classification     JCC Rouf Library JCC Rouf Library General Stacks   225.00   709.00 MUK 2023 17942 02/01/2024 C-1 Purchase Books BDT

JCC Library | Contacts | JCC Home

Last Update on 23 September 2017
Copyright @ 2017-2020 JCC Rouf Library
Rouf Library, Jhenidah Cadet College (JCC), Bangladesh